<?xml version="1.0" encoding="UTF-8"?>
<record
    xmlns:xsi="http://www.w3.org/2001/XMLSchema-instance"
    xsi:schemaLocation="http://www.loc.gov/MARC21/slim http://www.loc.gov/standards/marcxml/schema/MARC21slim.xsd"
    xmlns="http://www.loc.gov/MARC21/slim">

  <leader>01479nam a2200289Ia 4500</leader>
  <controlfield tag="001">Z_6320</controlfield>
  <controlfield tag="008">220601s9999    xx            000 0 und d</controlfield>
  <datafield tag="020" ind1=" " ind2=" ">
    <subfield code="a">978-968-18-5299-3</subfield>
  </datafield>
  <datafield tag="082" ind1=" " ind2=" ">
    <subfield code="a">636.085 C48 2009</subfield>
  </datafield>
  <datafield tag="100" ind1=" " ind2=" ">
    <subfield code="a">Church, D. C.</subfield>
    <subfield code="9">22991</subfield>
  </datafield>
  <datafield tag="245" ind1=" " ind2=" ">
    <subfield code="a">Fundamentos de nutrici&#xF3;n y alimentaci&#xF3;n de animales / D. C. Church, W. G. Pond y K. R. Pond; traducci&#xF3;n Luis Jorge P&#xE9;rez Calderon; Revici&#xF3;n Jos&#xE9; Luis Laparra Vega.</subfield>
  </datafield>
  <datafield tag="250" ind1=" " ind2=" ">
    <subfield code="a">2a ed.</subfield>
  </datafield>
  <datafield tag="260" ind1=" " ind2=" ">
    <subfield code="a">M&#xE9;xico : Limusa: Wiley</subfield>
  </datafield>
  <datafield tag="300" ind1=" " ind2=" ">
    <subfield code="a">635 p.</subfield>
  </datafield>
  <datafield tag="500" ind1=" " ind2=" ">
    <subfield code="a">Traducida de la obra en ingl&#xE9;s: Basic animal nutrition and feeding 2th ed. de 1982 \ la biblioteca cuenta con la  actualizaci&#xF3;n del 2007, 2009, 2012 y 2013 de Mario Alberto Hern&#xE1;ndez Cuapio y Ana Luisa Weckmann Gonz&#xE1;lez. ISBN: 13:978-968-18-5299-3 (4.2) 2007, 13:978-968-18-5299-3 (5.2) 2009, 978-968-18-5299-3 (7.2) 2012, 978-968-18-5299-3 (8.2) 2013</subfield>
  </datafield>
  <datafield tag="503" ind1=" " ind2=" ">
    <subfield code="a">ej.1- ej.3: C/E \ ej.4: 0115 \ ej.5: 0116 \ ej.6: 0117 \ ej.7: 0118 \ ej.8: 0119 \ ej.9: consumo \ ej.10: consumo</subfield>
  </datafield>
  <datafield tag="504" ind1=" " ind2=" ">
    <subfield code="a">Incluye bibliograf&#xED;a</subfield>
  </datafield>
  <datafield tag="650" ind1=" " ind2=" ">
    <subfield code="a">1. Nutrici&#xF3;n animal </subfield>
  </datafield>
  <datafield tag="650" ind1=" " ind2=" ">
    <subfield code="a">Alimentos y alimentaci&#xF3;n del ganado </subfield>
    <subfield code="9">4326</subfield>
  </datafield>
  <datafield tag="650" ind1=" " ind2=" ">
    <subfield code="a">Animales -- Alimentos</subfield>
  </datafield>
  <datafield tag="700" ind1=" " ind2=" ">
    <subfield code="a">Pond, W. G., coaut. \ Pond, K. R., caourt. \ P&#xE9;rez Calderon, Luis Jorge, tr. \ Laparra Vega, Jos&#xE9; Luis, rev.&#xCC;</subfield>
    <subfield code="9">183517</subfield>
  </datafield>
  <datafield tag="901" ind1=" " ind2=" ">
    <subfield code="a">636.085 C48 2009</subfield>
  </datafield>
  <datafield tag="902" ind1=" " ind2=" ">
    <subfield code="a">M</subfield>
  </datafield>
  <datafield tag="905" ind1=" " ind2=" ">
    <subfield code="a">5232272009                          mx dni 8211113311spa16</subfield>
  </datafield>
  <datafield tag="942" ind1=" " ind2=" ">
    <subfield code="c">1</subfield>
  </datafield>
  <datafield tag="999" ind1=" " ind2=" ">
    <subfield code="c">217112</subfield>
    <subfield code="d">217112</subfield>
  </datafield>
</record>
